[Event "World Rapid Team 2023"]
[Site "Dusseldorf GER"]
[Date "2023.08.27"]
[Round "7.10"]
[Board "1"]
[White "Rodshtein, Maxim"]
[Black "Bologan, Victor"]
[Result "0-1"]
[WhiteTitle "GM"]
[BlackTitle "GM"]
[WhiteElo "2606"]
[BlackElo "2574"]
[WhiteTeam "Rishon LeZion Chess Club"]
[BlackTeam "FIDE Management Board"]
[WhiteFideId "2806851"]
[BlackFideId "13900048"]
[EventDate "2023.08.26"]

1. d4 Nf6 2. c4 e6 3. Nf3 b6 4. g3 Bb7 5. Bg2 Be7 6. O-O O-O 7. Re1 Na6 8. Nc3
Ne4 9. Bf4 Nxc3 10. bxc3 Be4 11. h4 Nb8 12. Bf1 d6 13. Nd2 Bb7 14. e4 Nd7 15. a4
e5 16. Be3 a5 17. Rb1 Bc6 18. Bh3 Nf6 19. Qc2 Qe8 20. Ra1 Bd7 21. Bxd7 Qxd7 22.
Nf1 Nh5 23. Qd1 Nf6 24. f3 Qe6 25. Qd3 Nh5 26. g4 Nf4 27. Bxf4 exf4 28. h5 Bh4
29. Re2 Rae8 30. Raa2 Qd7 31. Rh2 Bg5 32. Qb1 h6 33. Nd2 Rb8 34. Qd3 Rfe8 35.
Kh1 c6 36. Rb2 Bf6 37. Rb1 Rb7 38. Nf1 Bd8 39. Rhb2 Ra7 40. Qd2 d5 41. Qxf4 dxe4
42. fxe4 Qe6 43. Nd2 Bg5 44. Qf5 Bxd2 45. Qxe6 Rxe6 46. Rxd2 Rxe4 47. Rxb6 Rc7
48. c5 Rxg4 49. Re2 Rg5 50. Rh2 Rg3 51. Rc2 Rg5 52. Rh2 Kf8 53. Rh3 Ke7 54. Kh2
Ke6 55. c4 Kf5 56. Rbb3 Rg4 57. Rbd3 Rd7 58. Rhf3+ Kg5 59. Rg3 f5 60. d5 Kxh5
61. Rxg4 Kxg4 62. Kg2 f4 63. d6 g5 64. Rb3 h5 65. Rb6 f3+ 66. Kf2 h4 67. Rxc6 h3
68. Rb6 h2 69. Rb1 Kf4 70. Rd1 g4 71. Rd4+ Ke5 72. Rd1 Rh7 73. Kg3 h1=Q 74. Rxh1
Rxh1 75. d7 Rd1 76. c6 0-1

[Event "World Rapid Team 2023"]
[Site "Dusseldorf GER"]
[Date "2023.08.27"]
[Round "7.10"]
[Board "2"]
[White "Short, Nigel D"]
[Black "Zanan, Evgeny"]
[Result "1-0"]
[WhiteTitle "GM"]
[BlackTitle "GM"]
[WhiteElo "2592"]
[BlackElo "2470"]
[WhiteTeam "FIDE Management Board"]
[BlackTeam "Rishon LeZion Chess Club"]
[WhiteFideId "400025"]
[BlackFideId "24101940"]
[EventDate "2023.08.26"]

1. e4 e6 2. d4 d5 3. Nc3 Bb4 4. e5 c5 5. a3 Bxc3+ 6. bxc3 Ne7 7. h4 Qc7 8. h5 h6
9. Nf3 b6 10. a4 Ba6 11. Bxa6 Nxa6 12. Qd3 cxd4 13. Qb5+ Kf8 14. O-O Nc5 15.
cxd4 a6 16. Qb4 Ne4 17. Ba3 a5 18. Qb3 Kg8 19. Rfe1 Kh7 20. c4 Rhd8 21. cxd5
exd5 22. Rac1 Qb7 23. Bxe7 Qxe7 24. Qxb6 Rdb8 25. Qc6 Qe6 26. Qxe6 fxe6 27. Rc6
Rb2 28. Nh4 Nxf2 29. Rxe6 Ne4 30. Rg6 Rf8 31. e6 Rb7 32. Rf1 Rxf1+ 33. Kxf1 Nd6
34. g4 Ne8 35. Nf5 Rb6 36. Kg2 Kh8 37. e7 1-0

[Event "World Rapid Team 2023"]
[Site "Dusseldorf GER"]
[Date "2023.08.27"]
[Round "7.10"]
[Board "3"]
[White "Bronstein, Or"]
[Black "Iashvili, Akaki"]
[Result "1-0"]
[WhiteTitle "IM"]
[BlackTitle "IM"]
[WhiteElo "2459"]
[BlackElo "2342"]
[WhiteTeam "Rishon LeZion Chess Club"]
[BlackTeam "FIDE Management Board"]
[WhiteFideId "2815770"]
[BlackFideId "13600281"]
[EventDate "2023.08.26"]

1. d4 Nf6 2. c4 g6 3. Nc3 Bg7 4. e4 d6 5. Be2 O-O 6. Be3 e5 7. d5 Na6 8. g4 Nc5
9. f3 a5 10. h4 h5 11. g5 Nh7 12. Qd2 f6 13. Nh3 f5 14. O-O-O b6 15. Kb1 Bd7 16.
Qc2 a4 17. Nf2 f4 18. Bc1 c6 19. dxc6 Bxc6 20. Nd3 Ne6 21. Nb4 Bb7 22. Nb5 Nd4
23. Nxd4 exd4 24. Bf1 Be5 25. Bh3 Bc8 26. Bxc8 Qxc8 27. Nd5 Qc5 28. Bd2 Rf7 29.
Bb4 Qc6 30. Rd3 Nf8 31. Rc1 Ne6 32. Ra3 Nc5 33. Qd1 Kg7 34. Be1 b5 35. Bf2 Ne6
36. Qf1 Rb7 37. b4 1-0

[Event "World Rapid Team 2023"]
[Site "Dusseldorf GER"]
[Date "2023.08.27"]
[Round "7.10"]
[Board "4"]
[White "Reizniece-Ozola, Dana"]
[Black "Veinberg, Nimrod"]
[Result "1-0"]
[WhiteTitle "WGM"]
[BlackTitle "IM"]
[WhiteElo "2268"]
[BlackElo "2417"]
[WhiteTeam "FIDE Management Board"]
[BlackTeam "Rishon LeZion Chess Club"]
[WhiteFideId "11601124"]
[BlackFideId "2810280"]
[EventDate "2023.08.26"]

1. c4 e6 2. Nf3 d5 3. g3 Nf6 4. Bg2 dxc4 5. Qa4+ Nbd7 6. Qxc4 a6 7. Qc2 Be7 8.
O-O O-O 9. d4 c5 10. Nc3 Ra7 11. Rd1 b5 12. Ne5 Nxe5 13. dxe5 Nd7 14. Ne4 Qc7
15. Bf4 Bb7 16. Nf6+ Bxf6 17. exf6 e5 18. fxg7 Re8 19. Be3 Bxg2 20. Kxg2 Qc6+
21. Kg1 Rc7 22. Rd2 Nb6 23. Rad1 Nc4 24. Rd8 Nxe3 25. fxe3 Rc8 26. R8d6 Qa8 27.
Rh6 e4 28. Qc3 c4 29. Rd7 Rcd8 30. Rxf7 Kxf7 31. Qf6+ Kg8 32. Qf5 Rd1+ 33. Kg2 1-0

[Event "World Rapid Team 2023"]
[Site "Dusseldorf GER"]
[Date "2023.08.27"]
[Round "7.10"]
[Board "5"]
[White "Efroimski, Marsel"]
[Black "Stoisavljevic, Sava"]
[Result "1-0"]
[WhiteTitle "IM"]
[BlackTitle "WFM"]
[WhiteElo "2439"]
[BlackElo "2125"]
[WhiteTeam "Rishon LeZion Chess Club"]
[BlackTeam "FIDE Management Board"]
[WhiteFideId "2810964"]
[BlackFideId "913545"]
[EventDate "2023.08.26"]

1. e4 c6 2. Nc3 d5 3. Nf3 dxe4 4. Nxe4 Nf6 5. Qe2 Nxe4 6. Qxe4 Qa5 7. Qf4 Qf5 8.
Qe3 e6 9. c3 Be7 10. d4 Nd7 11. Bd3 Qa5 12. O-O Nf6 13. Ne5 O-O 14. Qg3 Kh8 15.
b4 Qd8 16. Bd2 a5 17. a3 Qd6 18. Bf4 Qd8 19. Nc4 Nd5 20. Bd2 axb4 21. axb4 Rxa1
22. Rxa1 Bh4 23. Qf3 Qf6 24. Qxf6 Bxf6 25. Ra8 Be7 26. Ra7 Rd8 27. f4 g6 28. Kf1
Kg8 29. g3 h5 30. Na5 Rd7 31. Nc4 Rd8 32. h4 Kg7 33. Be4 Nc7 34. Nb6 f5 35. Bxc6
Nd5 36. Bxd5 1-0

[Event "World Rapid Team 2023"]
[Site "Dusseldorf GER"]
[Date "2023.08.27"]
[Round "7.11"]
[Board "1"]
[White "Zuferi, Enis"]
[Black "Elier, Ali"]
[Result "1/2-1/2"]
[WhiteTitle "FM"]
[WhiteElo "2367"]
[BlackElo "2187"]
[WhiteTeam "Heilbronn Hustlers"]
[BlackTeam "Wensing & Poebel"]
[WhiteFideId "24692530"]
[BlackFideId "16217543"]
[EventDate "2023.08.26"]

1. Nf3 d5 2. g3 Nf6 3. Bg2 e6 4. O-O Be7 5. d3 O-O 6. Bf4 c5 7. a4 Nc6 8. e4
dxe4 9. dxe4 Nxe4 10. Ne5 Nxe5 11. Bxe5 Nf6 12. a5 a6 13. Nd2 Nd7 14. Bc3 Rb8
15. Nc4 Bf6 16. Qd6 Bxc3 17. bxc3 Qf6 18. Rfd1 Qxc3 19. Nb6 Nxb6 20. Qxb8 Nc4
21. Qc7 Nd2 22. Qd6 Nf3+ 23. Bxf3 Qxf3 24. Qe7 Qf6 25. Qxf6 gxf6 26. Ra3 e5 27.
Rc3 Bg4 28. Rb1 Rd8 29. f3 Bh3 30. Rxb7 Rd2 31. Rb1 f5 32. g4 Rg2+ 33. Kh1 f4
34. Rxc5 Re2 35. Rc3 e4 36. Rg1 e3 37. Rc5 Rf2 38. Re5 Rxf3 39. c4 Rf2 40. c5 f3
41. Rxe3 Bg2+ 42. Rxg2 fxg2+ 43. Kg1 Rc2 44. Re5 Kg7 45. Rf5 Kg6 46. h3 Kg7 47.
Kh2 Kg6 48. Rd5 f6 49. Rd6 Rxc5 50. Rxa6 Rc2 51. Rb6 Ra2 52. a6 Kg5 53. Rb5+ Kg6
54. Rb6 Kg5 55. Rc6 Kg6 56. h4 h6 57. Rb6 Ra4 58. Kxg2 Rxg4+ 59. Kh3 Ra4 60. Kg3
Kf5 61. Kf3 Ra3+ 62. Ke2 h5 63. Kd2 Kg4 64. Rxf6 Kxh4 65. Rg6 Kh3 66. Rc6 Ra5
67. Kc3 h4 68. Kb4 Ra1 69. Rc3+ Kg4 70. Ra3 Rb1+ 71. Kc5 Rb8 72. a7 Ra8 73. Ra4+
Kg3 74. Ra3+ Kg2 75. Kb6 h3 76. Kb7 Rxa7+ 77. Rxa7 h2 78. Ra1 h1=R 79. Rxh1 Kxh1 1/2-1/2

[Event "World Rapid Team 2023"]
[Site "Dusseldorf GER"]
[Date "2023.08.27"]
[Round "7.11"]
[Board "2"]
[White "Wensing, Maximilian"]
[Black "Wenninger, Philipp"]
[Result "0-1"]
[WhiteElo "2171"]
[BlackElo "2374"]
[WhiteTeam "Wensing & Poebel"]
[BlackTeam "Heilbronn Hustlers"]
[WhiteFideId "16222415"]
[BlackFideId "4648404"]
[EventDate "2023.08.26"]

1. c4 c6 2. g3 d5 3. Nf3 Nf6 4. Bg2 Bg4 5. Ne5 Be6 6. cxd5 Bxd5 7. Nf3 c5 8. Nc3
Bc6 9. O-O e6 10. d3 Be7 11. a4 O-O 12. e4 b6 13. Be3 Nbd7 14. h3 Qc7 15. Bf4
Qb7 16. Qe2 a6 17. g4 c4 18. Nd4 cxd3 19. Qxd3 e5 20. Nxc6 Qxc6 21. Bg3 Bc5 22.
Qe2 Ne8 23. Rfd1 Nc7 24. Rac1 a5 25. Qd3 Rad8 26. Kh2 Kh8 27. h4 Qg6 28. Bh3 Ne6
29. Nd5 Nf6 30. g5 Nxd5 31. exd5 Nf4 32. Bxf4 exf4 33. Qxg6 fxg6 34. Rc2 f3 35.
Be6 Rf4 36. Kh3 h6 0-1

[Event "World Rapid Team 2023"]
[Site "Dusseldorf GER"]
[Date "2023.08.27"]
[Round "7.11"]
[Board "3"]
[White "Peng, Xiang-Tobias"]
[Black "Leonard, Timo"]
[Result "1-0"]
[WhiteElo "2119"]
[BlackElo "2223"]
[WhiteTeam "Heilbronn Hustlers"]
[BlackTeam "Wensing & Poebel"]
[WhiteFideId "12964328"]
[BlackFideId "16208757"]
[EventDate "2023.08.26"]

1. e4 e6 2. d4 d5 3. Nc3 Nf6 4. Bg5 Bb4 5. e5 h6 6. Bd2 Bxc3 7. bxc3 Ne4 8. Bd3
Nxd2 9. Qxd2 c5 10. dxc5 Nd7 11. Bb5 O-O 12. Nf3 Nxc5 13. O-O a6 14. Be2 b5 15.
Nd4 Qc7 16. f4 Ne4 17. Qe3 Qxc3 18. Bd3 Bb7 19. Rae1 Qc5 20. f5 exf5 21. Nxf5
Qxe3+ 22. Rxe3 Rae8 23. Bxe4 dxe4 24. Rg3 Rxe5 25. Nxh6+ Kh7 26. Nxf7 Re7 27.
Rh3+ Kg6 28. Nh8+ Rxh8 29. Rxh8 Bd5 30. Rd8 Bxa2 31. Rd6+ Kg5 32. g3 Re6 33.
Rxe6 Bxe6 34. Ra1 Bc8 35. Rd1 Kf5 36. Rd8 Be6 37. Ra8 Bc4 38. Rxa6 e3 39. Ra7 g5
40. Re7 e2 41. Kf2 Kg4 42. Re5 Kh3 43. Rxg5 1-0

[Event "World Rapid Team 2023"]
[Site "Dusseldorf GER"]
[Date "2023.08.27"]
[Round "7.11"]
[Board "4"]
[White "Garbuz, Vitaliy"]
[Black "Geshnizjani, Ramin"]
[Result "1-0"]
[WhiteElo "2154"]
[BlackElo "2141"]
[WhiteTeam "Wensing & Poebel"]
[BlackTeam "Heilbronn Hustlers"]
[WhiteFideId "12990710"]
[BlackFideId "24633089"]
[EventDate "2023.08.26"]

1. e4 c5 2. d4 cxd4 3. c3 Nf6 4. e5 Nd5 5. Nf3 e6 6. cxd4 d6 7. a3 Be7 8. Bd3
O-O 9. O-O b6 10. Qe2 Bb7 11. Qe4 g6 12. Bh6 Re8 13. Nbd2 Nd7 14. Qg4 dxe5 15.
dxe5 Nc5 16. Bb5 Nd7 17. Ne4 a6 18. Bd3 Nc5 19. Nxc5 Bxc5 20. Rad1 Bf8 21. Bg5
Be7 22. Qh4 h5 23. Be4 Rc8 24. Rd4 Bxg5 25. Nxg5 Qe7 26. Qg3 Rc5 27. Nxf7 Kxf7
28. Qxg6+ Kf8 29. Bxd5 1-0

[Event "World Rapid Team 2023"]
[Site "Dusseldorf GER"]
[Date "2023.08.27"]
[Round "7.11"]
[Board "5"]
[White "Schaefer, Daniel"]
[Black "Kesselmeier, Kevin"]
[Result "0-1"]
[WhiteElo "1884"]
[BlackElo "2011"]
[WhiteTeam "Heilbronn Hustlers"]
[BlackTeam "Wensing & Poebel"]
[WhiteFideId "16235088"]
[BlackFideId "16217551"]
[EventDate "2023.08.26"]

1. d4 d5 2. c4 e6 3. Nc3 Bb4 4. cxd5 exd5 5. Bf4 Nf6 6. e3 O-O 7. Bd3 c5 8. dxc5
Bxc3+ 9. bxc3 Qa5 10. Qc2 Qxc5 11. Nf3 Nc6 12. O-O Re8 13. Rac1 Bg4 14. Nd4 Rac8
15. Nf5 Ne5 16. Bxe5 Rxe5 17. Nd4 Bh5 18. c4 dxc4 19. Qxc4 Qxc4 20. Rxc4 Rxc4
21. Bxc4 Rc5 22. Bb3 Bg6 23. Rd1 h6 24. f3 b5 25. Kf2 a5 26. a3 a4 27. Ba2 Rc3
28. Rd2 Bd3 29. e4 Rxa3 30. Nc6 Rc3 31. Nb4 Bc4 32. Bb1 Kf8 33. e5 Ne8 34. Be4
a3 35. Bd5 Bxd5 36. Nxd5 Rb3 37. Ke2 b4 38. Kd1 g5 39. Kc1 Ng7 40. Rd4 a2 0-1

[Event "World Rapid Team 2023"]
[Site "Dusseldorf GER"]
[Date "2023.08.27"]
[Round "7.11"]
[Board "6"]
[White "Moeller, Lisa-Marie"]
[Black "Spiegelberg, Silvia"]
[Result "1-0"]
[WhiteElo "1899"]
[BlackElo "1934"]
[WhiteTeam "Wensing & Poebel"]
[BlackTeam "Heilbronn Hustlers"]
[WhiteFideId "12959367"]
[BlackFideId "24654450"]
[EventDate "2023.08.26"]

1. e4 e5 2. Nc3 Nc6 3. Bc4 Nf6 4. d3 h6 5. f4 d6 6. h3 Na5 7. Bb3 Nxb3 8. axb3
c6 9. Nf3 Qc7 10. O-O Be7 11. Be3 O-O 12. Qe1 b6 13. fxe5 dxe5 14. Qg3 Kh7 15.
d4 Bb4 16. Nxe5 Bxc3 17. bxc3 Nxe4 18. Qf3 f5 19. Bf4 Qb7 20. Qh5 Rf6 21. Qf3 a5
22. Qe3 c5 23. Nf3 Bd7 24. Be5 Rg6 25. Nh4 Rg5 26. Nf3 Rg6 27. Nh4 Rg5 28. Nf3
Rh5 29. Nd2 Nxd2 30. Qxd2 Re8 31. Qf4 Rg5 32. Qf2 Bc6 33. g3 cxd4 34. cxd4 Be4
35. Kh2 Rc8 36. c4 b5 37. c5 Bd5 38. h4 Rh5 39. Qe2 Qf7 40. Rxa5 Bc6 41. Ra6 Qd5
42. Rxc6 Rxc6 43. Qxh5 g6 44. Qf3 Qe6 45. d5 Qxe5 46. dxc6 Qc7 47. Rd1 1-0

[Event "World Rapid Team 2023"]
[Site "Dusseldorf GER"]
[Date "2023.08.27"]
[Round "7.12"]
[Board "1"]
[White "Rendle, Thomas E"]
[Black "Yelisieiev, Yevhenii"]
[Result "1-0"]
[WhiteTitle "IM"]
[BlackTitle "IM"]
[WhiteElo "2385"]
[BlackElo "2401"]
[WhiteTeam "The Sharks"]
[BlackTeam "Deutsche Schachjugend 1"]
[WhiteFideId "408760"]
[BlackFideId "14139642"]
[EventDate "2023.08.26"]

1. d4 d5 2. c4 e6 3. Nf3 Nf6 4. g3 Bb4+ 5. Nbd2 dxc4 6. Bg2 c6 7. O-O b5 8. b3
cxb3 9. Nxb3 Nbd7 10. Qc2 Bb7 11. Ne1 Rc8 12. Nd3 Be7 13. Bd2 O-O 14. Ba5 Nb6
15. Rfd1 Qe8 16. Nbc5 Ba8 17. a4 Nc4 18. Be1 a5 19. Ne5 Bxc5 20. Nxc4 Bb4 21.
Bxb4 axb4 22. Nd6 Qe7 23. Nxc8 Rxc8 24. axb5 Nd5 25. Bxd5 exd5 26. b6 g6 27. Ra7
Qd6 28. b7 Bxb7 29. Rxb7 Ra8 30. Rb1 h5 31. h4 Ra3 32. Kg2 g5 33. Qf5 1-0

[Event "World Rapid Team 2023"]
[Site "Dusseldorf GER"]
[Date "2023.08.27"]
[Round "7.12"]
[Board "2"]
[White "Colbow, Collin"]
[Black "Roberson, Peter T"]
[Result "1/2-1/2"]
[WhiteTitle "FM"]
[BlackTitle "IM"]
[WhiteElo "2409"]
[BlackElo "2433"]
[WhiteTeam "Deutsche Schachjugend 1"]
[BlackTeam "The Sharks"]
[WhiteFideId "16201132"]
[BlackFideId "412384"]
[EventDate "2023.08.26"]

1. Nf3 d5 2. e3 Nf6 3. c4 e6 4. Nc3 Bd6 5. b3 O-O 6. Bb2 c5 7. cxd5 exd5 8. d4
Nc6 9. Be2 Re8 10. O-O cxd4 11. Nxd4 Nxd4 12. Qxd4 Be5 13. Qd3 Ne4 14. Na4 Bxb2
15. Nxb2 Qf6 16. Na4 Be6 17. Rac1 Rac8 18. Bf3 b5 19. Bxe4 bxa4 20. Bxd5 Rcd8
21. e4 Bxd5 22. exd5 Re5 23. Rfd1 g6 24. d6 axb3 25. axb3 Kg7 26. d7 Re7 27. g3
Qe6 28. Rc7 a5 29. Qc3+ f6 30. Qxa5 Qxb3 31. Qa1 Qb6 32. Ra7 Re2 33. Rf1 Rd2 34.
Ra6 Qd4 35. Qxd4 Rxd4 36. Ra7 R4xd7 37. Rxd7+ Rxd7 1/2-1/2

[Event "World Rapid Team 2023"]
[Site "Dusseldorf GER"]
[Date "2023.08.27"]
[Round "7.12"]
[Board "3"]
[White "Moreby, James"]
[Black "Sidletskyi, Ivan"]
[Result "0-1"]
[WhiteTitle "FM"]
[BlackTitle "CM"]
[WhiteElo "2279"]
[BlackElo "2354"]
[WhiteTeam "The Sharks"]
[BlackTeam "Deutsche Schachjugend 1"]
[WhiteFideId "427756"]
[BlackFideId "14156024"]
[EventDate "2023.08.26"]

1. c4 Nf6 2. Nc3 e6 3. e4 d5 4. e5 d4 5. exf6 dxc3 6. bxc3 Qxf6 7. Nf3 b6 8. d4
Bb7 9. Bd3 h6 10. Qe2 Bd6 11. Be4 c6 12. a4 Nd7 13. a5 Rb8 14. axb6 axb6 15. Ra7
O-O 16. O-O Qe7 17. Re1 Rfc8 18. Bd3 Nf6 19. Ne5 Ra8 20. Rxa8 Rxa8 21. Qb2 Bxe5
22. Rxe5 Nd7 23. Re1 Qd6 24. c5 Nxc5 25. dxc5 Qxd3 26. cxb6 c5 27. Be3 Qd5 28.
f3 Ra2 29. c4 Qxc4 30. Qb1 Qd5 31. Rd1 Rxg2+ 32. Kh1 Rd2 33. Rxd2 Qxf3+ 34. Kg1
Qh1+ 0-1

[Event "World Rapid Team 2023"]
[Site "Dusseldorf GER"]
[Date "2023.08.27"]
[Round "7.12"]
[Board "4"]
[White "Haug, Havard"]
[Black "Bremner, Adam"]
[Result "1/2-1/2"]
[WhiteTitle "CM"]
[BlackTitle "CM"]
[WhiteElo "2199"]
[BlackElo "2176"]
[WhiteTeam "Deutsche Schachjugend 1"]
[BlackTeam "The Sharks"]
[WhiteFideId "1547887"]
[BlackFideId "2400847"]
[EventDate "2023.08.26"]

1. e4 c6 2. d4 d5 3. exd5 cxd5 4. Bd3 Nc6 5. c3 Nf6 6. h3 g6 7. Nf3 Bf5 8. Be2
Bg7 9. O-O O-O 10. Re1 a6 11. Bf1 b5 12. Nbd2 b4 13. Nb3 Ne4 14. c4 a5 15. cxd5
Qxd5 16. Be3 a4 17. Nbd2 Nxd2 18. Qxd2 Rfd8 19. Red1 a3 20. b3 e5 21. Bc4 Qd7
22. dxe5 Qxd2 23. Rxd2 Nxe5 24. Nxe5 Bxe5 25. Rad1 Rxd2 26. Rxd2 Bc3 27. Rd1 Bc2
28. Rd7 Bb1 29. Bxf7+ Kh8 30. Rc7 Rd8 31. Bg5 Rf8 32. Rxc3 Rxf7 33. Rc1 Bxa2 34.
Bh6 Rg7 35. Bxg7+ Kxg7 36. Rc4 Bxb3 37. Rxb4 a2 38. Rb7+ Kf6 39. Ra7 Ke5 40. Kh2
Kd4 41. Kg3 Kc3 42. Kf4 Kb4 43. Rxa2 Bxa2 44. Kg5 Kc5 45. Kh6 Kd6 46. Kxh7 Bb1
47. Kh6 Ke5 48. Kg5 Ke6 49. h4 Kf7 50. h5 gxh5 51. Kxh5 Be4 52. g4 Kf6 53. Kh6
Bf3 54. g5+ Kf5 55. g6 Kf4 56. g7 Bd5 57. g8=N Bxg8 58. f3 Bh7 59. Kxh7 Kxf3 1/2-1/2

[Event "World Rapid Team 2023"]
[Site "Dusseldorf GER"]
[Date "2023.08.27"]
[Round "7.12"]
[Board "5"]
[White "Ivanov, Elizabeth"]
[Black "Groeschel, Karoline"]
[Result "0-1"]
[WhiteElo "1601"]
[BlackElo "1934"]
[WhiteTeam "The Sharks"]
[BlackTeam "Deutsche Schachjugend 1"]
[WhiteFideId "427284"]
[BlackFideId "34610537"]
[EventDate "2023.08.26"]

1. e4 c5 2. Nc3 e6 3. f4 d5 4. Bb5+ Bd7 5. Bxd7+ Qxd7 6. d3 Nc6 7. Nf3 Nge7 8.
Bd2 f6 9. a3 Nd4 10. Nxd4 cxd4 11. Ne2 dxe4 12. dxe4 Nc6 13. Ng3 e5 14. Qf3
O-O-O 15. Qd3 h5 16. O-O-O Qc7 17. Rhf1 h4 18. Ne2 Bd6 19. Qc4 Kb8 20. Be1 exf4
21. Nxd4 Nxd4 22. Rxd4 Bc5 23. Rxd8+ Rxd8 24. Qe2 Be3+ 25. Kb1 g5 26. Bc3 Qd6
27. h3 a6 28. Qg4 Qb6 29. Qf5 Bd4 30. Qa5 Qxa5 31. Bxa5 b6 32. Bb4 a5 33. Be7
Rd7 34. Rd1 Kc7 35. b4 a4 36. b5 Rxe7 37. Rxd4 Re5 38. Rxa4 Rxb5+ 39. Kc1 Kd6
40. Rd4+ Ke5 41. Rc4 Ra5 42. Kb2 Rb5+ 43. Kc1 f5 44. exf5 Kxf5 45. a4 Re5 46.
Kd2 b5 47. axb5 Rxb5 48. Kc1 g4 49. Rc3 Rd5 50. Rb3 Rc5 51. Rd3 gxh3 52. Rxh3
Kg4 53. Rd3 Re5 54. Kd2 Rf5 55. Rf3 Rd5+ 56. Ke2 Re5+ 57. Kd2 Rc5 58. Ke2 Rxc2+
59. Kf1 Ra2 60. Kg1 Ra8 61. Kf2 Re8 62. Kf1 Re3 63. Rf2 Kg3 64. Rd2 f3 65. gxf3
Rxf3+ 66. Kg1 Ra3 67. Rg2+ Kf3 68. Rf2+ Kg3 69. Rg2+ Kf3 70. Rf2+ Ke3 71. Rh2
Ra4 72. Kg2 Ke2 73. Kg1+ Kf3 74. Rf2+ Ke3 75. Rh2 Kf3 76. Rf2+ Kg4 77. Rg2+ Kf5
78. Kh2 Ra3 79. Rg1 Kf4 80. Rf1+ Kg4 81. Rg1+ 0-1

[Event "World Rapid Team 2023"]
[Site "Dusseldorf GER"]
[Date "2023.08.27"]
[Round "7.13"]
[Board "1"]
[White "Fromm, Marius"]
[Black "Seel, Christian"]
[Result "0-1"]
[WhiteTitle "FM"]
[BlackTitle "IM"]
[WhiteElo "2458"]
[BlackElo "2477"]
[WhiteTeam "Doppelbauer Kiel"]
[BlackTeam "Aachener Schachverein von 1856"]
[WhiteFideId "12993190"]
[BlackFideId "4663098"]
[EventDate "2023.08.26"]

1. e4 e5 2. Nf3 d6 3. d4 exd4 4. Nxd4 Nf6 5. Nc3 Be7 6. Bf4 O-O 7. Qd2 c6 8.
O-O-O b5 9. f3 b4 10. Nce2 c5 11. Nf5 Bxf5 12. exf5 d5 13. g4 d4 14. g5 Nd5 15.
Rg1 Qa5 16. Kb1 Nc3+ 17. Nxc3 bxc3 18. Qe2 Bd6 19. Bxd6 Qb6 20. b3 Qxd6 21. Qc4
Nd7 22. f4 Qxf4 23. Bd3 a5 24. g6 a4 25. Rdf1 Qd6 26. gxf7+ Rxf7 27. Be4 Nb6 28.
Qb5 Rb8 29. f6 Rxf6 30. Rxf6 Qxf6 31. Qxc5 axb3 32. axb3 Kh8 33. Bd3 Nd7 34. Qc7
Qe7 35. Qa5 Nc5 36. Bc4 Ne4 37. Rd1 Nd2+ 38. Rxd2 cxd2 39. Qxd2 Qc5 40. Bd3 Qc3
41. Qg2 Re8 42. Be4 0-1

[Event "World Rapid Team 2023"]
[Site "Dusseldorf GER"]
[Date "2023.08.27"]
[Round "7.13"]
[Board "2"]
[White "Vandenbussche, Thibaut"]
[Black "Arndt, Magnus"]
[Result "1-0"]
[WhiteTitle "IM"]
[BlackTitle "FM"]
[WhiteElo "2439"]
[BlackElo "2405"]
[WhiteTeam "Aachener Schachverein von 1856"]
[BlackTeam "Doppelbauer Kiel"]
[WhiteFideId "204412"]
[BlackFideId "12998656"]
[EventDate "2023.08.26"]

1. e4 e5 2. Nf3 Nc6 3. d4 exd4 4. Bc4 Nf6 5. e5 Ng4 6. O-O Be7 7. Re1 d6 8. exd6
Qxd6 9. Na3 a6 10. Bb3 O-O 11. h3 Nf6 12. Nc4 Qd8 13. Nce5 Nxe5 14. Nxe5 c5 15.
Qf3 a5 16. Bc4 Qc7 17. Bf4 Bd6 18. Nxf7 Bxf4 19. Ne5+ Kh8 20. Qxf4 b5 21. Ng6+
hxg6 22. Qxc7 bxc4 23. Qxc5 Bf5 24. Qxc4 Rfd8 25. Re7 Nd5 26. Rb7 Nf4 27. Re1
Rac8 28. Rc7 Rxc7 29. Qxc7 1-0

[Event "World Rapid Team 2023"]
[Site "Dusseldorf GER"]
[Date "2023.08.27"]
[Round "7.13"]
[Board "3"]
[White "Ermitsch, Magnus"]
[Black "Koch, Thomas1"]
[Result "1/2-1/2"]
[WhiteTitle "FM"]
[BlackTitle "IM"]
[WhiteElo "2221"]
[BlackElo "2426"]
[WhiteTeam "Doppelbauer Kiel"]
[BlackTeam "Aachener Schachverein von 1856"]
[WhiteFideId "16234464"]
[BlackFideId "4600533"]
[EventDate "2023.08.26"]

1. e4 c5 2. Nf3 d6 3. d4 cxd4 4. Nxd4 Nf6 5. Nc3 a6 6. Bg5 e6 7. f4 Qc7 8. Qe2
Nbd7 9. O-O-O Be7 10. g4 b5 11. Bg2 b4 12. e5 bxc3 13. Bxa8 Qb8 14. b3 Qxa8 15.
exf6 gxf6 16. Bh4 Nc5 17. Qe3 Ne4 18. Ne2 Bb7 19. Rhf1 Qc8 20. Be1 h5 21. Nxc3
Nxc3 22. Bxc3 hxg4 23. Qd2 Rh3 24. Bb4 Be4 25. Rde1 f5 26. Rf2 Qc6 27. Re3 Rxe3
28. Qxe3 Bd8 29. Rd2 d5 30. Qd4 f6 31. Kb2 Kf7 32. Qa7+ Qc7 33. Qa8 a5 34. Ba3
e5 35. Rxd5 Bxd5 36. Qxd5+ Kg7 37. Bd6 Qf7 38. Qa8 Be7 39. fxe5 Bxd6 40. exd6
Qd7 41. Qb8 Kf7 42. c4 Ke6 43. c5 Qc6 44. Qg8+ Ke5 45. Qc4 f4 46. Qd3 Ke6 47.
Qe2+ Kf5 48. Qd2 Ke6 49. Qxf4 Qxc5 50. Qxg4+ Kxd6 51. Qf4+ Ke7 52. a3 Qd5 53. b4
a4 54. Qc7+ Ke6 55. Qc2 Qe5+ 56. Ka2 Qd5+ 57. Kb1 Qb5 58. Qe4+ Kf7 59. Kb2 f5
60. Qe3 Qc4 61. Qc3 Qe2+ 62. Qc2 Qe5+ 63. Ka2 f4 64. Qxa4 Qe2+ 65. Kb1 f3 66.
Qd7+ Kf8 67. Qf5+ 1/2-1/2

[Event "World Rapid Team 2023"]
[Site "Dusseldorf GER"]
[Date "2023.08.27"]
[Round "7.13"]
[Board "4"]
[White "Klein, Felix"]
[Black "Vollbehr, Bjarne"]
[Result "1-0"]
[WhiteTitle "FM"]
[WhiteElo "2300"]
[BlackElo "1871"]
[WhiteTeam "Aachener Schachverein von 1856"]
[BlackTeam "Doppelbauer Kiel"]
[WhiteFideId "24600458"]
[BlackFideId "34606025"]
[EventDate "2023.08.26"]

1. e4 e5 2. Nf3 Nc6 3. Bb5 a6 4. Ba4 Nf6 5. O-O Be7 6. Re1 b5 7. Bb3 O-O 8. a4
Bb7 9. d3 d6 10. Nbd2 Nd7 11. axb5 axb5 12. Rxa8 Qxa8 13. c3 Nc5 14. Bc2 b4 15.
d4 bxc3 16. bxc3 Nd7 17. d5 Ncb8 18. Nf1 Qa1 19. Qd2 Nc5 20. Ng3 Nbd7 21. Nf5
Bf6 22. g4 g6 23. Nh6+ Kh8 24. Kg2 Bg7 25. h4 Nf6 26. h5 Bc8 27. Nh2 gxh5 28. g5
Bxh6 29. gxh6 Rg8+ 30. Kf3 Bh3 31. Ke3 Bg2 32. f3 Qa7 33. Ke2 Bh3 34. Kd1 Rg2
35. Re2 Rg1+ 36. Re1 Rg2 37. Qe3 Qa2 38. Re2 Rxe2 39. Qxe2 Nb3 40. Qb5 Nxc1 41.
Qb8+ Ng8 42. Qf8 1-0